Michou - Statistiques

Statistiques générales
  • Ce quiz a été pris 165 fois
    111 depuis la dernière actualisation
  • Le résultat moyen est 9 sur 25
Statistiques - réponses
Hint Réponse % Correct
Prénom Miguel
99%
Nbr de sœurs 2
96%
Chaîne principale Michou
83%
Nom Mattioli
78%
Nbr de frères 7
73%
Chaîne secondaire Michouoff
61%
Comment s'appelle son chien ? Yuki
55%
Comment s'appelle la fille avec qui il a été en couple pendant 3 ans et qui était également sa partenaire lors de sa participation à DALS ? Elsa Bois
49%
Comment s'appelle son restaurant ? Mealy
48%
Âge (À l'heure actuelle) 24 ans
43%
Comment s'appelle la série qu'il a sortie en septembre 2025 ? Terminal
40%
À quelles émissions a-t-il participé ? TPMP / DALS / Les Enfants de la Télé
37%
Nommé toutes les musiques qu'il a créer ? My Life / Fier / M2LT / Ma Commu / Dans le Club / Rockstar / Ma belle / Mode avion / Jamais lâcher / B22 / 9 MILI / Lettre à mon Pote
34%
Date de naissance 2 octobre 2001
33%
Nom de l'émission qu'il créer et animé ? DALSI
24%
Chaîne tertiaire Michou Rediff
22%
Quand a-t-il créer la Team Croûton avec Inoxtag ? 15 octobre 2018
6%
Nbr d'abonnés chaîne principale 10,5 M
4%
Nbr d'abonnés chaîne secondaire 5,4 M
4%
Comment s’appelle le film qu'il a sortie sur youtube ? 1995 : ENQUÊTE DE POLICE
1%
Nbr d'abonnés chaîne tertiaire 336 K
1%
Comment s'appelle ses neveux ? Clément (Timoute) et Esteban (Stbann)
0%
Quel est l'objectif de son restaurant ? Faire découvrir des recettes du mondes entier selon les destinations où il a été
0%
Qui sont les youtubeur(se)s qui y participent ? Michou-Inoxtag ; Helydia-Tatiana ; Byilhan-Nicotine ; Cocotte-Gurky ; Flamby-Raska ; Doigby-Skyyart ; Domingo-Rivenzi ; Elian-Grimkujow
0%
Comment l'évènement auquel il a participé ? (13 juillet 2025) Redbull 400
0%
Aucun quiz correspondant
Distribution des résultats
% des personnes avec chaque résultat
Percentile par nombre de réponses
Votre historique - résultats
Vous n’avez pas pris ce quiz depuis la dernière actualisation